The mystic songs of Kanha and Saraha: (Record no. 16207)

MARC details
000 -LEADER
fixed length control field 01012 a2200253 4500
005 - DATE AND TIME OF LATEST TRANSACTION
control field 20080924111043.0
008 - FIXED-LENGTH DATA ELEMENTS--GENERAL INFORMATION
fixed length control field 080924t xxu||||| |||| 00| 1aeng d
010 ## - LCCN (DPL NO)
LC control number ENG-91123
020 ## - INTERNATIONAL STANDARD BOOK NUMBER
Terms of availability 450.00
035 ## - SYSTEM CONTROL NUMBER
System control number EN-74656
037 ## - SOURCE OF ACQUISITION
Source of stock number/acquisition DBAD / PUB
040 ## - CATALOGING SOURCE
Original cataloging agency dpl
Language of cataloging English
082 ## - DEWEY DECIMAL CLASSIFICATION NUMBER
Classification number 819.41
245 ## - TITLE STATEMENT
Title The mystic songs of Kanha and Saraha:
Statement of responsibility, etc translated into English from French by Pranabesh Sinha Ray
Remainder of title the Doha-Kosa and the Carya /
260 ## - PUBLICATION, DISTRIBUTION, ETC. (IMPRINT)
Place of publication, distribution, etc Kolkata
Name of publisher, distributor, etc The Asiatic Socitey
Date of publication, distribution, etc 2008(repr.).
270 ## - ADDRESS
Address 1 Park Street,
City Kolkata
Postal code 700016
300 ## - PHYSICAL DESCRIPTION
Extent ix, 350p.
Dimensions 23cm. (Hb)
490 ## - SERIES STATEMENT
Series statement Bibliotheca Indica series; no. 329
500 ## - GENERAL NOTE
General note Includes glossary and index
650 ## - SUBJECT ADDED ENTRY--TOPICAL TERM
Topical term or geographic name as entry element Apabramsa poetry
General subdivision Translated into English
700 ## - ADDED ENTRY--PERSONAL NAME
Personal name Ray, Pranabesh Sinha
942 ## - ADDED ENTRY ELEMENTS (KOHA)
Institution code [OBSOLETE] dpl
Item type English Books
Source of classification or shelving scheme Dewey Decimal Classification
Call number suffix MYS
Classification part 819.41
Holdings
Withdrawn status Lost status Source of classification or shelving scheme Damaged status Not for loan Collection code Home library Current library Date acquired Source of acquisition Cost, normal purchase price Total Checkouts Full call number Barcode Date last seen Copy number Cost, replacement price Koha item type
    Dewey Decimal Classification   Not For Loan Non-fiction D.B.Act.Division D.B.Act.Division 03/10/2008 DBAD / PUB 450.00   819.41 MYS EN-74656 03/10/2008 1 450.00 English Books

© Delhi Public Library
Hit Counter
free hit counter